000 00225nam a2200121Ia 4500
100 _a#N/A
650 _aComputer/ IT
942 _cBK
654 _aImage forge
245 _aImage forge
260 _b#N/A
546 _aENGLISH
999 _c29345
_d29345